Central Library OPAC University of Rajshahi

বিষণ্ণ গণ্ডোলা / (Record no. 62725)

MARC details
000 -LEADER
fixed length control field 00977nam a2200241 a 4500
001 - CONTROL NUMBER
control field 62725
003 - CONTROL NUMBER IDENTIFIER
rucl marc code BD-RjUL
005 - DATE AND TIME OF LATEST TRANSACTION
control field 20211209081121.0
008 - FIXED-LENGTH DATA ELEMENTS--GENERAL INFORMATION
fixed length control field 170125s1997 ii ||||| |||| 00| 0 ben d
020 ## - INTERNATIONAL STANDARD BOOK NUMBER
Terms of availability : Tk. 30.00
035 ## - SYSTEM CONTROL NUMBER
System control number (BD-RjUL)62852
040 ## - CATALOGING SOURCE
Original cataloging agency BD-RjUL
Language of cataloging ben
Transcribing agency BD-RjUL
041 ## - LANGUAGE CODE
Language code of text/sound track or separate title ben
082 ## - DEWEY DECIMAL CLASSIFICATION NUMBER
Edition number 23
Classification number 839.7174
Author mark and year TRB 1997
100 ## - MAIN ENTRY--PERSONAL NAME
Personal name ট্রান্সট্রোমার, টোমাস
9 (RLIN) 186441
245 10 - TITLE STATEMENT
Title বিষণ্ণ গণ্ডোলা /
Statement of responsibility, etc. টোমাস ট্রান্সট্রোমার ; অনুবাদ গজেন্দ্র কুমার ঘোষ
260 ## - PUBLICATION, DISTRIBUTION, ETC. (IMPRINT)
Place of publication, distribution, etc. কলকাতা :
Name of publisher, distributor, etc. সাধন সেনগুপ্ত,
Date of publication, distribution, etc. ১৯৯৭
300 ## - PHYSICAL DESCRIPTION
Pagination ৫১ পৃ. ;
Size ২৩ সেমি.
650 ## - SUBJECT ADDED ENTRY--TOPICAL TERM
Topical term or geographic name as entry element সুইডিশ কবিতা
9 (RLIN) 177522
Topical term or geographic name as entry element Swidish Poetry
9 (RLIN) 186442
700 ## - ADDED ENTRY--PERSONAL NAME
Personal name ঘোষ, গজেন্দ্র কুমার, অনুবাদক
942 ## - ADDED ENTRY ELEMENTS (KOHA)
Source of classification or shelving scheme Dewey Decimal Classification
Koha item type Books
Holdings
Lost status Source of classification or shelving scheme Damaged status Not for loan Collection code Permanent Location Current Location Shelving location Date acquired Total Checkouts Full call number Date last seen Copy number Koha item type
  Dewey Decimal Classification   Not For Loan Non-fiction Central Library, University of Rajshahi Central Library, University of Rajshahi Reading Room 26/02/1990   B 839.7174 TRB 1997 25/01/2017 C-1 Books